Hogyan öljük meg nagypapát? játék vérrel és vér nélkül, szüntelen-

Podrobná bibliografia
Hlavný autor: Géczi, János, 1954- (Autor)
Ďalší autori: Szkukálek, Ľudovít, 1957- (Ilustrátor)
Médium: Článok
Jazyk:slovenčina
maďarčina
Predmet:

MARC

LEADER 00000nab a2200000 a 4500
001 vtls000561515
003 SK-MaSNL
005 20260304101945.0
008 250425c1995 xo 0 slo
015 |a SNBRB19rr/mm-uuuuu 
035 |a CL0561653 
035 |a urn:nbn:sk:snk-abegh 
035 |a (urnnbn)urn:nbn:sk:snk:ar-003d8r 
035 |a (uuid)a714e329-60bf-42a9-8a4e-0c456f83ef81 
040 |a SNKBUCL  |b slo  |c SNKBUCL  |e AACR2 
041 0 |a hun 
044 |a xo  |c SK 
080 |a 894.511-2=945.11  |2 1981 
100 1 |a Géczi, János,  |d 1954-  |4 aut  |9 125049 
245 1 0 |a Hogyan öljük meg nagypapát?  |b játék vérrel és vér nélkül, szüntelen-  |c János Géczi ; Illusztr. Lajos Szkukálek 
500 |a Začiatok 
650 0 7 |a divadelné hry  |2 snkbucl  |9 79680 
655 7 |a články z novín a časopisov  |2 snkbucl  |9 267496 
655 7 |a články z odboru literárna veda a krásna literatúra  |2 snkbucl  |9 770045 
700 1 |a Szkukálek, Ľudovít,  |d 1957-  |4 ill  |9 247171 
773 0 |t Kalligram  |g Č. 9 (1995), s. 98-126 
850 |a Slovenská národná knižnica 
852 |a Slovenská národná knižnica 
958 |a article27 
958 |a OND 
958 |a RK 
958 |a HU 
958 |a LX 
958 |a NX 
992 |a RBX 
999 |c 2843394  |d 2845324